000 00446nam a2200181Ia 4500
001 15370
005 20260306170151.0
008 260306t2000||||xx |||||||||||||| ||und||
041 _aESP
082 _a536.7
_bS17P
100 _aSala Lizarraga, José María
_eAUT
245 0 _aProblemas de termodinámica fundamental
260 _c2000
300 _a493 páginas :
_c30 cm.
650 _aGEN
654 _aCCN
942 _cLIB
_dJUS
_fJUS
_2ddc
_n
999 _c15370
_d15370